00541 a2200157 4500020001500000082001600015100002300031245009500054250001100149260003000160300003100190650002600221650002500247999001500272952009600287 a0750663219 a624.171 ZIE aZienkiewicz, O. C. aFinite Element Method for Solid and Structural Mechanics/cO. C. Zienkiewicz, R. L. Taylor a6th ed aBoston :bElsevier,c2005 axv, 631p. :bill. ;c29 cm aFinite element method aStructural Mechanics c1222d1222 00104070aNITbNITcCEd0000-00-00l0o624.171 ZIEpNIT-4135 r2017-01-05w2017-01-05yBK